| 000 | 00467 a2200157 4500 | ||
|---|---|---|---|
| 999 |
_c3987 _d3987 |
||
| 020 | _a9780495898788 | ||
| 050 | _aPE1441BRA2011 | ||
| 100 | _aBrandon, Lee | ||
| 245 |
_aSentences, paragraphs, and beyond _bwith integrated readings / _cLee Brandon and Kelly Brandon |
||
| 250 | _a6th ed. | ||
| 264 |
_aAustralia _bCengage _c2011 |
||
| 300 |
_a502p. _bill.col. |
||
| 500 | _ainclude index | ||
| 650 | _aSentences and paragraphs | ||
| 942 |
_2lcc _cBK _e6th ed. _h1441 _iBRA _kPE |
||